Normal view
MARC view
- Nithyananda K V
Entry Personal Name
001 - CONTROL NUMBER
- control field: 118204
003 - CONTROL NUMBER IDENTIFIER
- control field: OSt
005 - DATE AND TIME OF LATEST TRANSACTION
- control field: 20230125045712.0
008 - FIXED-LENGTH DATA ELEMENTS
- fixed length control field: 230125|| aca||aabn | a|a d
040 ## - CATALOGING SOURCE
- Original cataloging agency: OSt
- Transcribing agency: OSt
100 ## - HEADING--PERSONAL NAME
- Personal name: Nithyananda K V
670 ## - SOURCE DATA FOUND
- Source citation: Work cat.: (OSt)96210: Nithyananda K V, Intellectual Property Rights : Protection And Management, 2019